The Instruments of the Symphony Orchestra - Statistics

General Stats
  • This quiz has been taken 208 times
  • The average score is 15 of 18
Answer Stats
Hint Answer % Correct
Smallest of the stringed instruments Violin
99%
The largest of the string family Bass
98%
The use of an endpin is crucial in holding this stringed instrumen between your legs Cello
98%
Slightly larger version of the above Viola
98%
Metallic woodwind that sounds like a bird Flute
93%
Tiny version of the above Piccolo
91%
Smallest of the commonly used double reeded instruments - famous for solos such as in the Somerset Rhapsody Oboe
88%
Small brass instrument used in blaring fanfares Trumpet
86%
The one with a slide (the tenor voiced one) Trombone
83%
Tenor-voiced double reed with solos such as in The Rite of Spring (the best of the orchestral instruments) Bassoon
81%
The most Irish of the stringed instruments Harp
81%
The only one that requires a hand in its bell Horn
78%
The lowest voice in the brass section Tuba
78%
Single reeded instrument consisting of a mouthpiece, ligature, barrel, body, and bell Clarinet
75%
The lower one of the above Bass Trombone
66%
The lower version of the above Contrabassoon
64%
Similar to the above but with a bocal and slightly larger Cor Anglais
64%
The above but with a neck Bass Clarinet
62%
No matching quizzes found
Score Distribution
Percent of People with Each Score
Percentile by Number Answered
Your Score History
You have not taken this quiz